000 00596nam a22001937a 4500
005 20140827115337.0
010 _aENG-110615
020 _a9789350532928
_c900.00
035 _aEN-94147
037 _bDBAD/PUB
082 _a362.88082
100 _aPancholi, P.V.
245 _aLaw on violence against women /
_cby P.V. Pancholi
260 _aNew Delhi
_bCyber Tech Publications
_c2014
270 _bNew Delhi
_a4264/3, Ansari Road, Daryaganj
_e110002
300 _av,248p.
_c22cm(Hb)
500 _aIncludes bibliographical references
942 _2ddc
_cEN
_mPAN
_h362.88082
999 _c87634
_d87634